[Event "15th International Khazar Cup (Masters) 2017"]
[Site "Rasht,Guilan,Iran"]
[Date "2017.01.23"]
[Round "4"]
[Board "12"]
[White "Feyli, Sina"]
[Black "Tabatabaei, M.Amin"]
[Result "0-1"]
[WhiteElo "2258"]
[BlackElo "2493"]
[PlyCount "0"]
[EventDate "2017.01.20"]
[EventRounds "9"]
[EventCountry "IRI"]

1. d4 {[%clk 1:29:16]} d5 {[%clk 1:18:26]} 2. c4 {[%clk 1:27:58]} e6
{[%clk 1:18:27]} 3. Nf3 {[%clk 1:27:01]} Nf6 {[%clk 1:18:44]} 4. Nc3
{[%clk 1:26:45]} Be7 {[%clk 1:18:57]} 5. Bf4 {[%clk 1:25:53]} O-O
{[%clk 1:18:59]} 6. e3 {[%clk 1:24:08]} Nbd7 {[%clk 1:19:15]} 7. a3
{[%clk 1:21:20]} c5 {[%clk 1:13:36]} 8. dxc5 {[%clk 1:19:34]} Nxc5
{[%clk 1:13:28]} 9. cxd5 {[%clk 1:18:45]} Nxd5 {[%clk 1:09:04]} 10. Nxd5
{[%clk 1:19:02]} exd5 {[%clk 1:09:27]} 11. Be5 {[%clk 0:57:40]} Bf6
{[%clk 1:05:09]} 12. b4 {[%clk 0:44:55]} Ne6 {[%clk 0:57:04]} 13. Ra2
{[%clk 0:37:51]} Bxe5 {[%clk 0:51:49]} 14. Nxe5 {[%clk 0:38:13]} d4
{[%clk 0:51:51]} 15. Rd2 {[%clk 0:33:45]} a5 {[%clk 0:25:11]} 16. exd4
{[%clk 0:26:03]} axb4 {[%clk 0:25:12]} 17. axb4 {[%clk 0:26:28]} Qd5
{[%clk 0:23:04]} 18. Be2 {[%clk 0:09:12]} Qxg2 {[%clk 0:22:32]} 19. Bf3
{[%clk 0:09:29]} Qg5 {[%clk 0:22:44]} 20. Nc4 {[%clk 0:08:07]} Nf4
{[%clk 0:22:12]} 21. Ne3 {[%clk 0:08:01]} Re8 {[%clk 0:22:27]} 22. h4
{[%clk 0:05:49]} Rxe3+ {[%clk 0:19:19]} 23. fxe3 {[%clk 0:05:21]} Qg3+
{[%clk 0:19:40]} 24. Rf2 {[%clk 0:04:39]} Ra2 {[%clk 0:19:06]} 25. Rhf1
{[%clk 0:04:09]} Bh3 {[%clk 0:19:23]} 0-1

[Event "15th International Khazar Cup (Masters) 2017"]
[Site "Rasht,Guilan,Iran"]
[Date "2017.01.23"]
[Round "4"]
[Board "13"]
[White "Bajarani, Ulvi"]
[Black "Tsomaia, Nikoloz"]
[Result "1/2-1/2"]
[WhiteElo "2486"]
[BlackElo "2246"]
[PlyCount "0"]
[EventDate "2017.01.20"]
[EventRounds "9"]
[EventCountry "IRI"]

1. d4 {[%clk 1:30:57]} Nf6 {[%clk 1:30:36]} 2. c4 {[%clk 1:31:19]} c5
{[%clk 1:30:47]} 3. d5 {[%clk 1:31:37]} g6 {[%clk 1:31:10]} 4. Nc3
{[%clk 1:32:01]} Bg7 {[%clk 1:31:35]} 5. g3 {[%clk 1:32:11]} O-O {[%clk 1:31:52]}
6. Bg2 {[%clk 1:32:37]} d6 {[%clk 1:32:15]} 7. Nf3 {[%clk 1:33:01]} e6
{[%clk 1:32:40]} 8. O-O {[%clk 1:33:23]} exd5 {[%clk 1:33:05]} 9. cxd5
{[%clk 1:33:40]} Re8 {[%clk 1:33:30]} 10. Bf4 {[%clk 1:34:03]} a6
{[%clk 1:33:48]} 11. a4 {[%clk 1:34:25]} Bg4 {[%clk 1:26:29]} 12. Rc1
{[%clk 1:26:23]} Bxf3 {[%clk 1:20:41]} 13. Bxf3 {[%clk 1:26:43]} Qe7
{[%clk 1:19:17]} 14. b3 {[%clk 1:18:18]} Nbd7 {[%clk 1:19:11]} 15. Qd2
{[%clk 1:17:04]} Ne5 {[%clk 1:13:17]} 16. Bg2 {[%clk 1:16:55]} Rab8
{[%clk 1:13:29]} 17. Rb1 {[%clk 1:12:59]} Nh5 {[%clk 0:55:21]} 18. Bh6
{[%clk 1:09:50]} Bh8 {[%clk 0:51:02]} 19. h3 {[%clk 1:06:57]} f5 {[%clk 0:50:44]}
20. Bg5 {[%clk 1:06:13]} Qg7 {[%clk 0:48:32]} 21. Qc2 {[%clk 1:03:26]} b5
{[%clk 0:43:31]} 22. axb5 {[%clk 0:59:41]} axb5 {[%clk 0:40:21]} 23. Nd1
{[%clk 0:58:12]} Nf7 {[%clk 0:36:46]} 24. Bc1 {[%clk 0:57:02]} Qe5
{[%clk 0:37:00]} 25. e3 {[%clk 0:56:48]} Nf6 {[%clk 0:36:09]} 26. Bb2
{[%clk 0:56:40]} Qe7 {[%clk 0:36:33]} 27. Nc3 {[%clk 0:52:28]} b4
{[%clk 0:25:44]} 28. Ne2 {[%clk 0:51:38]} Ng5 {[%clk 0:26:09]} 29. Nf4
{[%clk 0:49:17]} Nge4 {[%clk 0:26:34]} 30. Qd3 {[%clk 0:48:07]} Qb7
{[%clk 0:25:25]} 31. Bxf6 {[%clk 0:34:34]} Bxf6 {[%clk 0:24:39]} 32. Ne6
{[%clk 0:34:45]} Nc3 {[%clk 0:22:24]} 33. Ra1 {[%clk 0:34:30]} Ra8
{[%clk 0:21:39]} 34. Rac1 {[%clk 0:26:19]} Qa6 {[%clk 0:18:41]} 35. Qxa6
{[%clk 0:25:07]} Rxa6 {[%clk 0:19:09]} 36. Nc7 {[%clk 0:25:10]} Ne2+
{[%clk 0:18:31]} 37. Kh1 {[%clk 0:24:33]} Nxc1 {[%clk 0:18:42]} 38. Rxc1
{[%clk 0:24:58]} Rea8 {[%clk 0:17:47]} 39. Nxa8 {[%clk 0:23:47]} Rxa8
{[%clk 0:18:09]} 40. Bf1 {[%clk 0:24:11]} Ra2 {[%clk 0:15:44]} 41. Kg1
{[%clk 0:24:20]} 1/2-1/2

[Event "15th International Khazar Cup (Masters) 2017"]
[Site "Rasht,Guilan,Iran"]
[Date "2017.01.23"]
[Round "4"]
[Board "14"]
[White "Sammalvuo, Tapani"]
[Black "Gholami Orimi, Mahdi"]
[Result "1-0"]
[WhiteElo "2437"]
[BlackElo "2230"]
[PlyCount "0"]
[EventDate "2017.01.20"]
[EventRounds "9"]
[EventCountry "IRI"]

1. d4 Nf6 {[%clk 1:30:38]} 2. c4 {[%clk 1:31:25]} e6 {[%clk 1:31:01]} 3. Nf3
{[%clk 1:31:50]} d5 {[%clk 1:31:26]} 4. Nc3 {[%clk 1:32:14]} dxc4
{[%clk 1:31:53]} 5. e3 {[%clk 1:22:48]} a6 {[%clk 1:31:00]} 6. a4
{[%clk 1:23:11]} b6 {[%clk 1:31:19]} 7. Bxc4 {[%clk 1:23:34]} Bb7
{[%clk 1:31:39]} 8. Qe2 {[%clk 1:19:47]} Bb4 {[%clk 1:27:04]} 9. O-O
{[%clk 1:18:53]} Nbd7 {[%clk 1:26:11]} 10. Rd1 {[%clk 1:14:02]} Qe7
{[%clk 1:26:15]} 11. d5 {[%clk 1:08:57]} exd5 {[%clk 1:13:18]} 12. Nxd5
{[%clk 1:09:25]} Nxd5 {[%clk 1:13:44]} 13. Bxd5 {[%clk 1:09:50]} c6
{[%clk 1:11:30]} 14. Ba2 {[%clk 1:01:49]} O-O {[%clk 1:08:51]} 15. e4
{[%clk 1:00:53]} h6 {[%clk 0:51:36]} 16. Nh4 {[%clk 0:50:02]} Rfe8
{[%clk 0:48:58]} 17. Nf5 {[%clk 0:34:23]} Qxe4 {[%clk 0:48:56]} 18. Qxe4
{[%clk 0:29:40]} Rxe4 {[%clk 0:48:55]} 19. Bxh6 {[%clk 0:22:49]} Bc8
{[%clk 0:37:51]} 20. Bb1 {[%clk 0:19:44]} Rg4 {[%clk 0:33:16]} 21. Ne3
{[%clk 0:19:11]} Rh4 {[%clk 0:29:45]} 22. Bxg7 {[%clk 0:19:39]} Rh5
{[%clk 0:26:54]} 23. g4 {[%clk 0:13:07]} Rh3 {[%clk 0:23:35]} 24. Bd4
{[%clk 0:09:40]} Nc5 {[%clk 0:18:58]} 25. Kg2 {[%clk 0:08:40]} Rh6
{[%clk 0:17:33]} 26. Bc2 {[%clk 0:07:24]} Be6 {[%clk 0:15:01]} 27. Nf5
{[%clk 0:06:44]} Bd5+ {[%clk 0:15:06]} 28. Kg3 {[%clk 0:06:15]} Re6
{[%clk 0:15:21]} 29. g5 {[%clk 0:04:25]} Ne4+ {[%clk 0:13:51]} 30. Kf4
{[%clk 0:04:46]} Nc5 {[%clk 0:10:52]} 31. Ne3 {[%clk 0:04:24]} Rae8
{[%clk 0:06:33]} 32. Nxd5 {[%clk 0:04:07]} cxd5 {[%clk 0:07:02]} 33. Be3
{[%clk 0:04:01]} Rd6 {[%clk 0:07:04]} 34. Kf3 {[%clk 0:03:17]} Nd7
{[%clk 0:06:16]} 35. Bb3 {[%clk 0:03:33]} Ne5+ {[%clk 0:05:57]} 36. Kg2
{[%clk 0:04:02]} Bc5 {[%clk 0:04:26]} 37. Bxc5 {[%clk 0:04:01]} bxc5
{[%clk 0:04:53]} 38. Rxd5 {[%clk 0:03:48]} Rxd5 {[%clk 0:05:19]} 39. Bxd5
{[%clk 0:04:15]} Nd3 {[%clk 0:03:55]} 40. Bc4 {[%clk 0:04:00]} Nxb2
{[%clk 0:02:50]} 41. Bxa6 {[%clk 0:04:29]} Re4 {[%clk 0:02:06]} 42. a5
{[%clk 0:04:44]} c4 {[%clk 0:01:48]} 43. Bb7 {[%clk 0:04:58]} Re8
{[%clk 0:01:42]} 44. a6 {[%clk 0:05:18]} Nd3 {[%clk 0:01:18]} 45. a7
{[%clk 0:05:38]} 1-0

[Event "15th International Khazar Cup (Masters) 2017"]
[Site "Rasht,Guilan,Iran"]
[Date "2017.01.23"]
[Round "5"]
[Board "1"]
[White "Berkes, Ferenc"]
[Black "Idani, Pouya"]
[Result "1/2-1/2"]
[WhiteElo "2648"]
[BlackElo "2552"]
[PlyCount "0"]
[EventDate "2017.01.20"]
[EventRounds "9"]
[EventCountry "IRI"]

1. d4 {[%clk 1:30:56]} f5 {[%clk 1:23:53]} 2. Nf3 {[%clk 1:31:09]} Nf6
{[%clk 1:24:19]} 3. g3 {[%clk 1:31:30]} g6 {[%clk 1:24:45]} 4. Bg2
{[%clk 1:31:55]} Bg7 {[%clk 1:25:12]} 5. O-O {[%clk 1:32:15]} O-O
{[%clk 1:25:40]} 6. b3 {[%clk 1:32:20]} d6 {[%clk 1:23:54]} 7. Bb2
{[%clk 1:32:44]} Ne4 {[%clk 1:22:37]} 8. e3 {[%clk 1:30:17]} Nc6 {[%clk 1:21:19]}
9. Nfd2 {[%clk 1:22:09]} Nxd2 {[%clk 1:15:30]} 10. Qxd2 {[%clk 1:21:21]} e5
{[%clk 1:10:06]} 11. dxe5 {[%clk 1:20:44]} Qe8 {[%clk 1:04:00]} 12. Nc3
{[%clk 1:15:44]} dxe5 {[%clk 1:03:17]} 13. Nd5 {[%clk 1:13:28]} Rf7
{[%clk 1:03:12]} 14. Rad1 {[%clk 1:11:47]} e4 {[%clk 0:59:45]} 15. Bxg7
{[%clk 1:11:31]} Kxg7 {[%clk 1:00:06]} 16. f3 {[%clk 1:09:16]} exf3
{[%clk 1:00:07]} 17. Rxf3 {[%clk 1:05:03]} Ne5 {[%clk 0:50:03]} 18. Rff1
{[%clk 1:03:29]} c6 {[%clk 0:47:02]} 19. Nf4 {[%clk 1:03:53]} Ng4
{[%clk 0:40:17]} 20. Qc3+ {[%clk 0:55:23]} Qe5 {[%clk 0:40:33]} 21. Qxe5+
{[%clk 0:55:04]} Nxe5 {[%clk 0:40:55]} 22. Rd8 {[%clk 0:47:58]} Rf8
{[%clk 0:41:03]} 23. Rfd1 {[%clk 0:47:44]} Nf7 {[%clk 0:41:26]} 24. R8d4
{[%clk 0:46:17]} Re8 {[%clk 0:40:17]} 25. Kf2 {[%clk 0:46:17]} Re7
{[%clk 0:38:29]} 26. a4 {[%clk 0:43:34]} Ne5 {[%clk 0:36:21]} 27. h3
{[%clk 0:43:55]} a5 {[%clk 0:33:58]} 28. Rd8 {[%clk 0:30:38]} Nf7
{[%clk 0:34:19]} 29. R8d4 {[%clk 0:31:01]} Ne5 {[%clk 0:34:45]} 30. e4
{[%clk 0:25:15]} fxe4 {[%clk 0:32:21]} 31. Re1 {[%clk 0:24:52]} Bd7
{[%clk 0:29:39]} 32. Rexe4 {[%clk 0:25:03]} Bf5 {[%clk 0:29:48]} 33. Re2
{[%clk 0:25:18]} Rf8 {[%clk 0:29:15]} 34. Kg1 {[%clk 0:22:08]} 1/2-1/2

[Event "15th International Khazar Cup (Masters) 2017"]
[Site "Rasht,Guilan,Iran"]
[Date "2017.01.23"]
[Round "5"]
[Board "2"]
[White "Lorparizangeneh, Shahin"]
[Black "Firouzja, Alireza"]
[Result "1-0"]
[WhiteElo "2504"]
[BlackElo "2456"]
[PlyCount "0"]
[EventDate "2017.01.20"]
[EventRounds "9"]
[EventCountry "IRI"]

1. e4 {[%clk 1:23:33]} c5 {[%clk 1:30:56]} 2. Nf3 {[%clk 1:23:59]} d6
{[%clk 1:31:10]} 3. Bb5+ {[%clk 1:24:24]} Nd7 {[%clk 1:31:27]} 4. d4
{[%clk 1:24:48]} Ngf6 {[%clk 1:31:42]} 5. Nc3 {[%clk 1:25:12]} cxd4
{[%clk 1:29:38]} 6. Qxd4 {[%clk 1:25:38]} e5 {[%clk 1:26:18]} 7. Qd3
{[%clk 1:25:57]} h6 {[%clk 1:25:45]} 8. Be3 {[%clk 1:21:42]} a6 {[%clk 1:20:04]}
9. Bc4 {[%clk 1:22:08]} Qc7 {[%clk 1:12:57]} 10. O-O {[%clk 1:17:56]} Be7
{[%clk 1:06:47]} 11. a4 {[%clk 1:11:22]} Nb6 {[%clk 0:50:55]} 12. Bb3
{[%clk 1:02:35]} Be6 {[%clk 0:50:23]} 13. Bxb6 {[%clk 0:56:56]} Qxb6
{[%clk 0:50:51]} 14. a5 {[%clk 0:57:18]} Qc5 {[%clk 0:48:14]} 15. Na4
{[%clk 0:53:50]} Qc7 {[%clk 0:37:22]} 16. Nb6 {[%clk 0:53:41]} Rb8
{[%clk 0:36:02]} 17. Ra4 {[%clk 0:45:16]} Nd7 {[%clk 0:33:55]} 18. Bxe6
{[%clk 0:38:11]} fxe6 {[%clk 0:33:55]} 19. Rc4 {[%clk 0:38:37]} Qd8
{[%clk 0:28:59]} 20. Qb3 {[%clk 0:38:51]} Nxb6 {[%clk 0:13:30]} 21. axb6
{[%clk 0:39:08]} Rc8 {[%clk 0:11:55]} 22. Rd1 {[%clk 0:38:22]} Rxc4
{[%clk 0:11:58]} 23. Qxc4 {[%clk 0:38:49]} O-O {[%clk 0:10:43]} 24. Qxe6+
{[%clk 0:36:43]} Kh7 {[%clk 0:11:12]} 25. Nxe5 {[%clk 0:36:23]} Qxb6
{[%clk 0:10:41]} 26. Qg6+ {[%clk 0:36:39]} Kg8 {[%clk 0:10:31]} 27. Qe6+
{[%clk 0:36:53]} Kh7 {[%clk 0:10:55]} 28. Qg6+ {[%clk 0:31:43]} Kg8
{[%clk 0:11:15]} 29. Ng4 {[%clk 0:31:34]} Qxb2 {[%clk 0:10:05]} 30. e5
{[%clk 0:30:55]} dxe5 {[%clk 0:04:02]} 31. Qe6+ {[%clk 0:30:16]} Kh7
{[%clk 0:04:31]} 32. Qxe7 {[%clk 0:30:35]} Qxc2 {[%clk 0:05:00]} 33. Rf1
{[%clk 0:29:48]} Rf4 {[%clk 0:04:49]} 34. Nxe5 {[%clk 0:28:37]} Qe4
{[%clk 0:05:10]} 35. Qd6 {[%clk 0:28:28]} b5 {[%clk 0:03:22]} 36. g3
{[%clk 0:25:57]} Rf5 {[%clk 0:03:06]} 37. Qg6+ {[%clk 0:26:05]} Kg8
{[%clk 0:03:35]} 38. Ng4 {[%clk 0:24:36]} Kf8 {[%clk 0:02:28]} 39. Rc1
{[%clk 0:24:54]} 1-0

[Event "15th International Khazar Cup (Masters) 2017"]
[Site "Rasht,Guilan,Iran"]
[Date "2017.01.23"]
[Round "5"]
[Board "3"]
[White "Zubov, Alexander"]
[Black "Tarlev, Konstantin"]
[Result "1/2-1/2"]
[WhiteElo "2606"]
[BlackElo "2592"]
[PlyCount "0"]
[EventDate "2017.01.20"]
[EventRounds "9"]
[EventCountry "IRI"]

1. d4 {[%clk 1:30:58]} Nf6 {[%clk 1:30:53]} 2. c4 {[%clk 1:31:01]} g6
{[%clk 1:30:08]} 3. Nc3 {[%clk 1:29:08]} Bg7 {[%clk 1:30:18]} 4. e4
{[%clk 1:29:32]} d6 {[%clk 1:30:45]} 5. Nf3 {[%clk 1:29:55]} O-O {[%clk 1:31:07]}
6. Be2 {[%clk 1:30:11]} e5 {[%clk 1:31:19]} 7. d5 {[%clk 1:30:25]} a5
{[%clk 1:28:41]} 8. Bg5 {[%clk 1:27:24]} h6 {[%clk 1:25:48]} 9. Bh4
{[%clk 1:27:48]} Na6 {[%clk 1:06:58]} 10. Nd2 {[%clk 1:26:39]} Qe8
{[%clk 1:04:41]} 11. Bxf6 {[%clk 1:24:29]} Bxf6 {[%clk 1:05:08]} 12. Bg4
{[%clk 1:24:52]} Bxg4 {[%clk 1:01:41]} 13. Qxg4 {[%clk 1:25:13]} Nb4
{[%clk 1:02:10]} 14. Qd1 {[%clk 1:19:03]} Nd3+ {[%clk 0:59:14]} 15. Ke2
{[%clk 1:13:27]} Nf4+ {[%clk 0:54:08]} 16. Kf1 {[%clk 1:12:52]} Be7
{[%clk 0:48:33]} 17. g3 {[%clk 1:08:44]} Nd3 {[%clk 0:35:54]} 18. Qe2
{[%clk 1:06:17]} Nc5 {[%clk 0:31:51]} 19. Nb3 {[%clk 1:04:52]} Nd7
{[%clk 0:31:09]} 20. Kg2 {[%clk 0:57:19]} f5 {[%clk 0:25:46]} 21. Nc1
{[%clk 0:56:57]} Qf7 {[%clk 0:18:26]} 22. Nd3 {[%clk 0:55:08]} Rae8
{[%clk 0:18:52]} 23. f3 {[%clk 0:47:56]} Bd8 {[%clk 0:15:06]} 24. Rab1
{[%clk 0:31:01]} Nf6 {[%clk 0:12:49]} 25. b4 {[%clk 0:24:36]} axb4
{[%clk 0:10:17]} 26. Nxb4 {[%clk 0:22:08]} Qd7 {[%clk 0:10:04]} 27. Rhd1
{[%clk 0:17:41]} Rf7 {[%clk 0:07:56]} 28. a3 {[%clk 0:09:11]} Kg7
{[%clk 0:07:21]} 29. Rd3 {[%clk 0:07:13]} 1/2-1/2

[Event "15th International Khazar Cup (Masters) 2017"]
[Site "Rasht,Guilan,Iran"]
[Date "2017.01.23"]
[Round "5"]
[Board "4"]
[White "Mousavi, Seyed Khalil"]
[Black "Sargissian, Gabriel"]
[Result "1/2-1/2"]
[WhiteElo "2422"]
[BlackElo "2667"]
[PlyCount "0"]
[EventDate "2017.01.20"]
[EventRounds "9"]
[EventCountry "IRI"]

1. c4 {[%clk 1:22:32]} e6 {[%clk 1:30:46]} 2. Nf3 {[%clk 1:21:49]} Nf6
{[%clk 1:31:08]} 3. g3 {[%clk 1:19:58]} d5 {[%clk 1:31:20]} 4. Bg2
{[%clk 1:20:20]} Be7 {[%clk 1:30:27]} 5. O-O {[%clk 1:19:28]} O-O
{[%clk 1:30:20]} 6. d4 {[%clk 1:15:56]} c6 {[%clk 1:30:34]} 7. b3
{[%clk 1:14:28]} b6 {[%clk 1:29:44]} 8. Bb2 {[%clk 1:14:10]} Nbd7
{[%clk 1:25:35]} 9. Nc3 {[%clk 1:14:33]} Ba6 {[%clk 1:24:30]} 10. a4
{[%clk 1:08:46]} Rc8 {[%clk 1:18:54]} 11. Nd2 {[%clk 1:07:34]} Bb4
{[%clk 0:57:56]} 12. e4 {[%clk 1:01:57]} e5 {[%clk 0:55:05]} 13. dxe5
{[%clk 0:56:17]} Nxe5 {[%clk 0:54:12]} 14. Nxd5 {[%clk 0:54:21]} cxd5
{[%clk 0:53:50]} 15. Bxe5 {[%clk 0:54:19]} dxc4 {[%clk 0:46:14]} 16. Nxc4
{[%clk 0:53:06]} Qxd1 {[%clk 0:41:22]} 17. Rfxd1 {[%clk 0:51:31]} Bxc4
{[%clk 0:41:29]} 18. bxc4 {[%clk 0:51:42]} Rxc4 {[%clk 0:40:41]} 19. Rac1
{[%clk 0:49:45]} Rxc1 {[%clk 0:40:04]} 20. Rxc1 {[%clk 0:50:09]} Bc5
{[%clk 0:30:18]} 21. Bxf6 {[%clk 0:50:01]} gxf6 {[%clk 0:30:42]} 22. Rd1
{[%clk 0:50:05]} Re8 {[%clk 0:30:55]} 1/2-1/2

[Event "15th International Khazar Cup (Masters) 2017"]
[Site "Rasht,Guilan,Iran"]
[Date "2017.01.23"]
[Round "5"]
[Board "5"]
[White "Toufighi, Homayoon"]
[Black "Lupulescu, Constantin"]
[Result "1/2-1/2"]
[WhiteElo "2407"]
[BlackElo "2625"]
[PlyCount "0"]
[EventDate "2017.01.20"]
[EventRounds "9"]
[EventCountry "IRI"]

1. e4 {[%clk 1:30:55]} c6 {[%clk 1:30:56]} 2. Nc3 {[%clk 1:29:47]} d5
{[%clk 1:31:11]} 3. Nf3 {[%clk 1:30:02]} Nf6 {[%clk 1:31:36]} 4. e5
{[%clk 1:29:51]} Ne4 {[%clk 1:32:01]} 5. Ne2 {[%clk 1:27:14]} Qb6
{[%clk 1:31:35]} 6. d4 {[%clk 1:27:38]} e6 {[%clk 1:31:33]} 7. Nfg1
{[%clk 1:25:54]} f6 {[%clk 1:31:25]} 8. f3 {[%clk 1:26:12]} Ng5 {[%clk 1:31:46]}
9. h4 {[%clk 1:16:54]} Nf7 {[%clk 1:31:22]} 10. f4 {[%clk 1:17:15]} c5
{[%clk 1:29:42]} 11. c3 {[%clk 1:14:24]} Nc6 {[%clk 1:28:15]} 12. Nf3
{[%clk 1:11:07]} Be7 {[%clk 1:26:40]} 13. a3 {[%clk 1:09:20]} O-O
{[%clk 1:20:50]} 14. Qd3 {[%clk 1:05:57]} cxd4 {[%clk 1:05:39]} 15. cxd4
{[%clk 1:06:07]} f5 {[%clk 0:56:26]} 16. g4 {[%clk 0:59:39]} fxg4
{[%clk 0:52:58]} 17. Ng5 {[%clk 0:59:55]} Nxg5 {[%clk 0:52:45]} 18. hxg5
{[%clk 1:00:15]} g6 {[%clk 0:52:58]} 19. Rb1 {[%clk 0:53:28]} Bd7
{[%clk 0:50:28]} 20. Be3 {[%clk 0:50:10]} Na5 {[%clk 0:43:23]} 21. Nc3
{[%clk 0:47:07]} Nc4 {[%clk 0:41:49]} 22. Bc1 {[%clk 0:46:12]} Rac8
{[%clk 0:41:19]} 23. Be2 {[%clk 0:45:25]} g3 {[%clk 0:32:19]} 24. Rg1
{[%clk 0:40:16]} Rc7 {[%clk 0:24:55]} 25. Rxg3 {[%clk 0:38:26]} Nxa3
{[%clk 0:22:50]} 26. bxa3 {[%clk 0:34:52]} Rxc3 {[%clk 0:23:15]} 27. Rxb6
{[%clk 0:35:13]} Rxd3 {[%clk 0:23:37]} 28. Rxd3 {[%clk 0:35:15]} axb6
{[%clk 0:23:59]} 29. Rb3 {[%clk 0:35:35]} Bd8 {[%clk 0:19:23]} 30. Bd2
{[%clk 0:35:41]} Rf7 {[%clk 0:19:20]} 31. Bg4 {[%clk 0:35:31]} Kf8
{[%clk 0:18:21]} 32. Ke2 {[%clk 0:33:41]} Ke8 {[%clk 0:16:39]} 33. Rb1
{[%clk 0:32:38]} Bc7 {[%clk 0:13:12]} 34. Ke3 {[%clk 0:32:58]} Kd8
{[%clk 0:12:17]} 35. Bb4 {[%clk 0:31:46]} b5 {[%clk 0:11:28]} 36. Rc1
{[%clk 0:31:22]} Bb6 {[%clk 0:10:43]} 37. Bd2 {[%clk 0:25:45]} Ke8
{[%clk 0:08:03]} 38. Bc3 {[%clk 0:23:56]} Bd8 {[%clk 0:07:47]} 39. Bb4
{[%clk 0:24:00]} Bb6 {[%clk 0:08:04]} 40. Bd2 {[%clk 0:24:02]} Kf8
{[%clk 0:07:04]} 41. Bb4+ {[%clk 0:20:19]} Ke8 {[%clk 0:06:09]} 42. Bd2
{[%clk 0:19:53]} 1/2-1/2

[Event "15th International Khazar Cup (Masters) 2017"]
[Site "Rasht,Guilan,Iran"]
[Date "2017.01.23"]
[Round "5"]
[Board "6"]
[White "Korneev, Oleg"]
[Black "Tahbaz, Arash"]
[Result "1-0"]
[WhiteElo "2598"]
[BlackElo "2414"]
[PlyCount "0"]
[EventDate "2017.01.20"]
[EventRounds "9"]
[EventCountry "IRI"]

1. e4 {[%clk 1:27:17]} d5 {[%clk 1:30:54]} 2. exd5 {[%clk 1:26:56]} Qxd5
{[%clk 1:31:21]} 3. d4 {[%clk 1:25:49]} e5 {[%clk 1:31:49]} 4. Nf3
{[%clk 1:23:23]} Bg4 {[%clk 1:24:59]} 5. Be2 {[%clk 1:10:44]} Nc6
{[%clk 1:05:20]} 6. c4 {[%clk 0:49:00]} Qa5+ {[%clk 1:03:52]} 7. Bd2
{[%clk 0:48:52]} Bb4 {[%clk 1:03:34]} 8. d5 {[%clk 0:49:15]} Bxf3
{[%clk 1:03:25]} 9. Bxf3 {[%clk 0:48:39]} Bxd2+ {[%clk 1:00:20]} 10. Nxd2
{[%clk 0:47:53]} Nd4 {[%clk 0:59:58]} 11. O-O {[%clk 0:47:30]} Ne7
{[%clk 0:57:28]} 12. Re1 {[%clk 0:41:46]} f6 {[%clk 0:55:02]} 13. Bh5+
{[%clk 0:37:31]} g6 {[%clk 0:54:35]} 14. Bg4 {[%clk 0:37:19]} O-O
{[%clk 0:49:35]} 15. Nb3 {[%clk 0:37:28]} Nxb3 {[%clk 0:49:55]} 16. Qxb3
{[%clk 0:29:46]} Qc5 {[%clk 0:46:14]} 17. Be6+ {[%clk 0:27:04]} Kg7
{[%clk 0:45:37]} 18. a3 {[%clk 0:21:40]} b6 {[%clk 0:25:17]} 19. Qc3
{[%clk 0:20:04]} Qd6 {[%clk 0:23:32]} 20. b4 {[%clk 0:18:18]} c5 {[%clk 0:22:52]}
21. Reb1 {[%clk 0:16:34]} Nf5 {[%clk 0:20:18]} 22. Bxf5 {[%clk 0:16:43]} gxf5
{[%clk 0:20:46]} 23. b5 {[%clk 0:12:07]} f4 {[%clk 0:19:55]} 24. a4
{[%clk 0:12:34]} a5 {[%clk 0:19:53]} 25. bxa6 {[%clk 0:12:59]} Rxa6
{[%clk 0:20:14]} 26. a5 {[%clk 0:11:09]} Rfa8 {[%clk 0:20:09]} 27. g3
{[%clk 0:07:37]} fxg3 {[%clk 0:18:53]} 28. hxg3 {[%clk 0:08:06]} Rxa5
{[%clk 0:18:03]} 29. Rxa5 {[%clk 0:08:28]} Rxa5 {[%clk 0:18:25]} 30. Kg2
{[%clk 0:08:18]} Ra7 {[%clk 0:15:41]} 31. Qf3 {[%clk 0:08:22]} Rf7
{[%clk 0:11:25]} 32. Qg4+ {[%clk 0:08:38]} Kh8 {[%clk 0:11:51]} 33. Qc8+
{[%clk 0:06:44]} Rf8 {[%clk 0:11:08]} 34. Qb7 {[%clk 0:05:22]} e4
{[%clk 0:09:13]} 35. Rh1 {[%clk 0:05:09]} 1-0

[Event "15th International Khazar Cup (Masters) 2017"]
[Site "Rasht,Guilan,Iran"]
[Date "2017.01.23"]
[Round "5"]
[Board "7"]
[White "Morchiashvili, Bachana"]
[Black "Ghaem Maghami, Ehsan"]
[Result "0-1"]
[WhiteElo "2419"]
[BlackElo "2574"]
[PlyCount "0"]
[EventDate "2017.01.20"]
[EventRounds "9"]
[EventCountry "IRI"]

1. d4 {[%clk 1:30:57]} Nf6 {[%clk 1:23:25]} 2. c4 {[%clk 1:31:18]} e6
{[%clk 1:23:50]} 3. Nf3 {[%clk 1:31:36]} Bb4+ {[%clk 1:22:53]} 4. Nc3
{[%clk 1:31:20]} c5 {[%clk 1:18:15]} 5. e3 {[%clk 1:26:23]} O-O {[%clk 1:15:11]}
6. Bd3 {[%clk 1:26:26]} d5 {[%clk 1:15:26]} 7. O-O {[%clk 1:26:24]} Nc6
{[%clk 1:15:35]} 8. a3 {[%clk 1:24:59]} Ba5 {[%clk 1:14:55]} 9. cxd5
{[%clk 1:13:36]} exd5 {[%clk 1:14:55]} 10. dxc5 {[%clk 1:13:39]} Bxc3
{[%clk 1:15:07]} 11. bxc3 {[%clk 1:14:04]} Bg4 {[%clk 1:12:27]} 12. c4
{[%clk 1:01:53]} d4 {[%clk 1:02:44]} 13. exd4 {[%clk 0:59:22]} Bxf3
{[%clk 1:02:41]} 14. Qxf3 {[%clk 0:59:23]} Qxd4 {[%clk 1:02:49]} 15. Bf4
{[%clk 0:59:35]} Rad8 {[%clk 0:53:14]} 16. Rfd1 {[%clk 0:52:23]} Qxc5
{[%clk 0:48:01]} 17. Rab1 {[%clk 0:40:14]} Rfe8 {[%clk 0:42:11]} 18. h3
{[%clk 0:36:24]} b6 {[%clk 0:36:35]} 19. Qg3 {[%clk 0:27:02]} Ne4
{[%clk 0:17:12]} 20. Bxe4 {[%clk 0:26:06]} Rxe4 {[%clk 0:16:54]} 21. Rxd8+
{[%clk 0:23:10]} Nxd8 {[%clk 0:16:55]} 22. Be3 {[%clk 0:13:21]} Qxa3
{[%clk 0:11:10]} 23. Qb8 {[%clk 0:03:06]} Re8 {[%clk 0:10:33]} 24. Rd1
{[%clk 0:02:34]} Qe7 {[%clk 0:10:22]} 25. c5 {[%clk 0:01:00]} Ne6
{[%clk 0:09:36]} 26. Qg3 {[%clk 0:00:40]} Nxc5 {[%clk 0:06:36]} 0-1